<?xml version="1.0" encoding="UTF-8"?>
<record
    xmlns:xsi="http://www.w3.org/2001/XMLSchema-instance"
    xsi:schemaLocation="http://www.loc.gov/MARC21/slim http://www.loc.gov/standards/marcxml/schema/MARC21slim.xsd"
    xmlns="http://www.loc.gov/MARC21/slim">

  <leader>00894cam a22002531  4500</leader>
  <controlfield tag="001">he 67002210 </controlfield>
  <controlfield tag="003">DLC</controlfield>
  <controlfield tag="005">20260227111451.0</controlfield>
  <controlfield tag="008">870722s1967    is       b    000 0 hebr </controlfield>
  <datafield tag="010" ind1=" " ind2=" ">
    <subfield code="a">he 67002210 </subfield>
  </datafield>
  <datafield tag="035" ind1=" " ind2=" ">
    <subfield code="a">(OCoLC)16265115</subfield>
  </datafield>
  <datafield tag="040" ind1=" " ind2=" ">
    <subfield code="a">DLC</subfield>
    <subfield code="c">CoDU</subfield>
    <subfield code="d">CoDU</subfield>
    <subfield code="d">DLC</subfield>
  </datafield>
  <datafield tag="042" ind1=" " ind2=" ">
    <subfield code="a">premarc</subfield>
  </datafield>
  <datafield tag="050" ind1="0" ind2="0">
    <subfield code="a">BS1140.2</subfield>
    <subfield code="b">.S363 1967</subfield>
  </datafield>
  <datafield tag="100" ind1="1" ind2=" ">
    <subfield code="a">Segal, M. H.</subfield>
    <subfield code="q">(Moses Hirsch),</subfield>
    <subfield code="d">1876-1968.</subfield>
  </datafield>
  <datafield tag="245" ind1="1" ind2="0">
    <subfield code="a">Mevo ha-Mi&#x1E33;ra,</subfield>
    <subfield code="c">me-et M.Ts. Segal.</subfield>
  </datafield>
  <datafield tag="250" ind1=" " ind2=" ">
    <subfield code="a">[Mahad. 4.]</subfield>
  </datafield>
  <datafield tag="260" ind1=" " ind2=" ">
    <subfield code="a">Yerushalayim,</subfield>
    <subfield code="b">&#x1E32;iryat sefer</subfield>
    <subfield code="c">[1967]</subfield>
  </datafield>
  <datafield tag="300" ind1=" " ind2=" ">
    <subfield code="a">4 v. in 2 (1041 p.)</subfield>
    <subfield code="c">23 cm.</subfield>
  </datafield>
  <datafield tag="500" ind1=" " ind2=" ">
    <subfield code="a">"Hadpasah shevi&#x2BB;it."</subfield>
  </datafield>
  <datafield tag="504" ind1=" " ind2=" ">
    <subfield code="a">Bibliography: v. 4, p. [1019]-1032; bibliographical footnotes.</subfield>
  </datafield>
  <datafield tag="505" ind1="0" ind2=" ">
    <subfield code="a">Sefer 1. Peti&#x1E25;ah kelalit. Torah. Nevi&#x2BC;im rishonim.--Sefer 2. Nevi&#x2BC;im a&#x1E25;aronim.--Sefer 3. Ketuvim.--Sefer 4. Toldot ha-Mi&#x1E33;ra.</subfield>
  </datafield>
  <datafield tag="630" ind1="0" ind2="0">
    <subfield code="a">Bible.</subfield>
    <subfield code="p">Old Testament</subfield>
    <subfield code="v">Introductions.</subfield>
  </datafield>
  <datafield tag="999" ind1=" " ind2=" ">
    <subfield code="c">32743</subfield>
    <subfield code="d">32743</subfield>
  </datafield>
</record>
